Estadísticas para Historias de Noticias del 2017 - Nombra el País

Haz click aquí para intentar la prueba.

Estadísticas generales

  • Esta prueba ha sido intentada 1.535 veces
  • La puntuación promedio es 9 de 16

Estadísticas de respuestas

NoticiaPaís% Correcto
La región de Cataluña vota ilegalmente en declarar independenciaEspaña
99%
Emmanuel Macron es elegido como presidenteFrancia
96%
Nueve de diez ciudadanos de este país no pueden obtener
comida adecuada, causando protestas contra el presidente Maduro
Venezuela
78%
Las mujeres son permitidas en conducir por la primera vezArabia Saudita
77%
El líder de este país amenaza con armas nucleares el territorio de EE. UU. GuamCorea del Norte
76%
Un príncipe real de este país se compromete con una actriz estadounidense divorciadaReino Unido
65%
ISIS pierde control sober la ciudad de MosulIrak
63%
Facebook confirma que este país compró anuncios para influenciar la elección del 2016 de EE. UU.Rusia
58%
Un ex-jugador de fútbol, George Weah, fue elegido como presidenteLiberia
46%
Ley marcial fue declarada en la isla de MindanaoFilipinas
45%
El presidente de este país anunció la confiscación de terrenos pertenientes
a los blancos sin compensación
Sudáfrica
31%
El dictador de 93 Robert Mugabe fue derrocadoZimbabue
31%
Refugiados rohinyás musulmanes todavía no pueden regresar a este paísMyanmar
30%
Este país sobrepasa a los Estados Unidos como el país con la mejor imagen internacional,
según el índice de Marcas Países Anholt-GfK
Alemania
29%
Terroristas matan sobre 300 personas en una mezquita sufíEgipto
28%
Este país fue condenado al ostracismo por sus vecinos que no están de acuerdo
con sus relaciones buenas con Irán
Catar
21%

Distribución de puntuación

Porcentaje por número respondido

Porcentaje de gente con cada puntuación

Historial de tus puntuaciones

No has intentado esta prueba.